| 000 | 01362nam a22002417i 4500 | ||
|---|---|---|---|
| 999 |
_c23106 _d23106 |
||
| 003 | AR-CdUCM | ||
| 008 | 241104b20142014 pe||||| |||| 00| 0 spa d | ||
| 040 |
_aMUNICIPALIDAD PROVINCIAL DEL CUSCO _cBIBLIOTECA MUNICIPAL DEL CUSCO |
||
| 041 | _hspa | ||
| 082 |
_a342.5 / M61 _bM61 |
||
| 110 |
_aMinisterio de Relaciones Exteriores. _93262 |
||
| 245 | _aCompendio de Normas sobre Desarrollo e Integración Fronteriza / | ||
| 260 |
_aLima : _bMinisterio de Relaciones Exteriores. _c2014 |
||
| 300 |
_a181 páginas. : _c25 cm |
||
| 505 | _aConstitución Política del Perú -- Ley Orgánica del Poder Ejecutivo -- Ley Marco para el Desarrollo e Integración Fronteriza y su reglamento aprobado Decreto supremo Nº017-2013-RE -- Ley Orgánica de Gobiernos Regionales -- Ley Orgánica de Municipalidades -- Ley de Organización y Funciones del Ministerio de Relaciones Exteriores -- Ley de Bases de la Descentralización -- Ley de Demarcación y Organización Territorial -- Ley de Presupuestos del Sector Público, para el año fiscal 2013 -- Ley General del Ambiente -- Ley de recursos Hídricos -- Ley de Reforma Magisterial -- Ley Universitaria. | ||
| 650 |
_aLey _97887 |
||
| 650 |
_aDecreto _928626 |
||
| 650 |
_aNormas _915859 |
||
| 650 |
_aProyectos _94155 |
||
| 650 |
_aConvenio _950759 |
||
| 942 |
_2ddc _cLIBROS |
||
| 945 |
_apbj _d04-11-2024 |
||